000 00562nam a2200157Ia 4500
008 210716s2018 xx 000 0 und d
020 _a9788126564408
041 _aeng
082 _a658.84 DODI
100 _aDodson, Ian.
245 _aArt of digital marketing: the definitive guide to creating strategic targeted and measurable online campaigns.
_bDefinitive guide to creating strategic targeted and measurable online campaigns.
250 _a1
260 _aNew Delhi
_bWiley India Pvt Ltd
_c2018
300 _aviii,385
650 _aInternational Marketing
999 _c210815
_d210815